00575nam a2200169 i 4500001000700000003000900007005001700016007000300033008004100036080002700077100005400104245006100158260005500219300002100274500008500295852002500380183904ES-MaACL20251011063200.0t|141120s1908 cu ||||1| spa d a821.134.2(729.1)-4"19"1 aRodríguez García, José Antonio, d1864-193410aDías de guerra / cpor José A. Rodríguez García. aHabana : b[s.n.], c1908 (fImprenta de Cerdeira) a31 p. ; c21 cm. aEn la cubierta: De enseñanza, Notas literarias, Días de Guerra. Reparto 2º. aES-MaACLjT-1140-F-5